| 000 | 00662nam a2200253Ia 4500 | ||
|---|---|---|---|
| 003 | OSt | ||
| 005 | 20221007082252.0 | ||
| 006 | a|||||r|||| 00| 0 | ||
| 007 | ta | ||
| 008 | 221006b |||||||| |||| 00| 0 eng d | ||
| 024 | _a7,656 | ||
| 037 | _cTextual | ||
| 040 |
_aFLL _cFLL _beng |
||
| 041 |
_2eng _aeng |
||
| 082 | _a144:Z2:N57r, K9;2 | ||
| 110 |
_aMinsitry of India (Delhi India) _9698950 |
||
| 245 | 0 | _aIndia, information and broadcasting | |
| 260 | _c1969 | ||
| 300 |
_a493p _ccm. |
||
| 490 | _vII | ||
| 700 |
_aMinsitry of India (Delhi India) _9698951 |
||
| 942 |
_h144:Z2:N57r, K9;2 _cTEXL _2CC |
||
| 999 |
_c1165866 _d1165866 |
||